000 01682nam a2200385 c 4500
003 BLK
005 20190807144200.0
008 180411b bul|||||r ||||||| ||bul||
010 _aKNG00181450000
020 _a978-619-152-649-9
_bиздат.: Изток-Запад
040 _aBLK
041 _aBUL
_cBUL
072 7 _2bullib
_aН84
_xБългарска художествена литература Н
080 _aБългарска литература
_b821.163.2
_x-94
_z821.163.2-94
080 _aВътрешна политика. Вж и 329
_b323
_x(497.2)(093.3)
_z323(497.2)(093.3)
080 _aНародна Република България (1946 - 1990)
_b94(497.2)"1946/1990"
_x(093.3)
_z94(497.2)"1946/1990"(093.3)
100 1 _aБояджиев, Петър
_eпърви автор
_9379747
139 _aБояджиев, Петър
_bБ 73
245 1 0 _aИстината против лъжата
_bЗа събитията в България от май 1989 г. или технологията на борбата със страха
_cПетър Бояджиев.
257 _aBGR
260 София
_bИзток-Запад
_c2015
300 _a263 с.
_bс факс.
_c22 см
380 _a3
650 4 _aБългария - вътрешна политика - спомени
_9244126
651 4 _aБългария
_9241624
653 _aспомени
653 _aмемоари
653 _aпреходно общество
659 _aН
852 _aЦб 276654
856 4 _qpdf
_u
856 4 _qpdf
_u
942 _cKNG
_n0
_07
944 _aCR
_c10.09.2015
_lф /
_kВиолета_Тройчева
944 _aED
_c11.01.2016
_lф /
_kЛюдмила_Стоянова
999 _c173073
_d173073